| 000 | 00692nam a2200193Ia 4500 | ||
|---|---|---|---|
| 003 | IN-BaIIA | ||
| 008 | 211028s9999 xx 000 0 eng d | ||
| 020 | _a82-7121-014-9 | ||
| 040 | _cIIA Library | ||
| 080 |
_a524(082.2) _bLIL |
||
| 245 | 0 |
_aFrontiers of astrophysics _bproceedings of the Rosseland Centenary symposium, Oslo, 16-17 June, 1994 _cedited by Per B. Lilje and Per Maltby |
|
| 260 |
_aOslo _bInstitute of Theoretical Astrophysics _c1997 |
||
| 300 | _aiv, 228p. | ||
| 650 |
_aAstronomy. _980 |
||
| 650 |
_aTheoretical Astrophysics _915234 |
||
| 700 |
_aLilje, Per B., ed. _921194 |
||
| 700 |
_aMaltby, Per, ed. _921195 |
||
| 942 | _cBK | ||
| 999 |
_c12151 _d12151 |
||